Countries that don't have a primary color on their flags - Statistics

General Stats
  • This quiz has been taken 167 times
    141 since last reset
  • The average score is 8 of 9
Answer Stats
Picture Answer % Correct
Ireland
96%
Cyprus
95%
Pakistan
87%
Qatar
86%
Saudi Arabia
85%
Niger
84%
Nigeria
81%
Ivory Coast
80%
Latvia
74%
No matching quizzes found
Score Distribution
Percent of People with Each Score
Percentile by Number Answered
Your Score History
You have not taken this quiz since the last reset